Catálogo - Centro de Recursos para el Aprendizaje y la Investigación

Volver al Sitio - CRAI Biblioteca

Reporte sobre la justicia en las Américas 2006-2007 / (Registro nro. 113565)

Detalles MARC
000 -CABECERA
campo de control de longitud fija 01260nam a2200265 4500
001 - NÚMERO DE CONTROL
campo de control 113565
003 - IDENTIFICADOR DEL NÚMERO DE CONTROL
campo de control DR-UNIBE
005 - FECHA Y HORA DE LA ÚLTIMA TRANSACCIÓN
campo de control 20250506160359.0
008 - DATOS DE LONGITUD FIJA--INFORMACIÓN GENERAL
campo de control de longitud fija 250506b2007 cl ||||| |||| 00| 0 spa d
020 ## - NÚMERO INTERNACIONAL ESTÁNDAR DEL LIBRO
Número Internacional Estándar del Libro 9789568491123
040 ## - FUENTE DE LA CATALOGACIÓN
Centro catalogador/agencia de origen BIBLIOTECA UNIBE
Lengua de catalogación spa
Centro/agencia transcriptor BIBLIOTECA UNIBE
Normas de descripción rda
041 ## - CÓDIGO DE LENGUA
Código de lengua del texto/banda sonora o título independiente spa
082 ## - NÚMERO DE LA CLASIFICACIÓN DECIMAL DEWEY
Número de edición 22
Número de clasificación 341.481 C397r
110 10 - ENTRADA PRINCIPAL--NOMBRE DE ENTIDAD CORPORATIVA
Nombre de entidad corporativa o nombre de jurisdicción como elemento de entrada Centro de Estudios de Justicia de las Américas (CEJA)
9 (RLIN) 194967
245 10 - MENCIÓN DE TÍTULO
Título Reporte sobre la justicia en las Américas 2006-2007 /
Mención de responsabilidad, etc. Centro de Estudios de Justicia de las Américas (CEJA) ; coordinación de edición : Catalan Ancic, Ximena, Sandra Araneda Josfré ; presentación: Jaime Arellano, Juan Enrique Vargas
260 ## - PUBLICACIÓN, DISTRIBUCIÓN, ETC.
Lugar de publicación, distribución, etc. Santiago de Chile :
Nombre del editor, distribuidor, etc. Centro de Estudios de Justicia de las Américas (CEJA),
Fecha de publicación, distribución, etc. 2007
300 ## - DESCRIPCIÓN FÍSICA
Extensión 586 páginas :
Otras características físicas cuadros :
Dimensiones 28 x 18 cm
505 ## - NOTA DE CONTENIDO CON FORMATO
Nota de contenido con formato Equipo del Reporte |<br/>Presentación |<br/>I Parte. Capítulos nacionales |<br/>II Parte. Anexos |<br/>
650 #7 - PUNTO DE ACCESO ADICIONAL DE MATERIA--TÉRMINO DE MATERIA
Fuente del encabezamiento o término lemb
Término de materia o nombre geográfico como elemento de entrada Derechos humanos
Subdivisión general Informes
9 (RLIN) 5169
700 10 - PUNTO DE ACCESO ADICIONAL--NOMBRE DE PERSONA
Nombre de persona Arellano, Jaime
9 (RLIN) 194968
Término indicativo de función/relación presentador
700 10 - PUNTO DE ACCESO ADICIONAL--NOMBRE DE PERSONA
Nombre de persona Vargas, Juan Enrique
9 (RLIN) 194969
Término indicativo de función/relación presentador
700 10 - PUNTO DE ACCESO ADICIONAL--NOMBRE DE PERSONA
Nombre de persona Catalan Ancic, Ximena
9 (RLIN) 194970
Término indicativo de función/relación coordinador de edición
700 10 - PUNTO DE ACCESO ADICIONAL--NOMBRE DE PERSONA
Nombre de persona Araneda Josfré, Sandra
9 (RLIN) 194971
Término indicativo de función/relación coordinador de edición
942 ## - ELEMENTOS DE PUNTO DE ACCESO ADICIONAL (KOHA)
Fuente del sistema de clasificación o colocación Sistema de Clasificación Decimal Dewey
Tipo de ítem Koha Libro (general)
Existencias
Estado de retiro Estado de pérdida Fuente del sistema de clasificación o colocación No para préstamo Código de colección Localización permanente Fecha de adquisición Total de préstamos Signatura topográfica completa Código de barras Fecha visto por última vez Número de copia Precio válido a partir de Tipo de ítem Koha
  Disponible Sistema de Clasificación Decimal Dewey   General Biblioteca Central UNIBE 08/04/2025   341.481 C397r 250390 06/05/2025 Ej. 1 06/05/2025 Libro (general)